000 00457nam a2200181Ia 4500
001 19713
005 20260306172713.0
008 260306t2012||||xx |||||||||||||| ||spa||
041 _aESP
082 _a341
_bK59
100 _aKlatt, Matthias
_eAUT
245 0 _aInstitutionalized reason:
_bthe jurisprudence of Robert Alexy
260 _c2012
300 _aviii, 365 páginas :
_c24 cm.
650 _aGEN
654 _aCDE
942 _cLIB
_dJUS
_fJUS
_2ddc
_n
999 _c19713
_d19713